000 00281nam a22001217a 4500
008 180315b xxu||||| |||| 00| 0 eng d
041 _aeng
080 _a62
100 _a26
101 _aMEK
245 _aIntroduction to probability and statistics
_cMilton,J.S
942 _2udc
_cBK
999 _c45113
_d45113